000 00321 a2200157 4500
001 67861
020 _a14131412
040 _cAnchieta - Pituba
100 _aSouza, Jorge de
240 1 0 _aÁguas do Paraná
_lpor
245 1 0 _aÁguas do Paraná
300 _a154
362 0 _a2018
650 4 _aParaná
942 _cBK
999 _c67861
_d67861